000 01680nam a2200385 c 4500
999 _c1298
_d1298
003 BLK
005 20240228104555.0
008 180412b bul|||||r ||||||| ||bul||
010 _aKNG00002109000
020 _a954-516-025-X
020 _a1-85497-280-4
040 _aBLK
041 _aENG
_cENG
_hBUL
080 _aАнглийски език
_b811.111
_x(075.4)
_z811.111(075.4)
100 1 _aHarrison, Jeremy
_eпърви автор
_9243994
139 _aHarrison, Jeremy et al.
_bH 30
245 1 0 _aBBC 2
_bДвуезичен самоучител по англ. ез. : 20 урока за напреднали
_cJeremy Harrison; съавт. Ken Singleton; прев. от англ. Krasimira Rangelova.
257 _aBGR
_aGBR
260 _bЛетера
_bBBC English
_c1993
_fВ.Търново : Абагар
300 _a250 с.
_bс ил.
_c27 см
_e4 аудиокасети
380 _a80
500 _aВторният авт. означен в библиогр. каре. - Офс. изд. - Други прев. : L. Grozdanova, M. Zaneva, M. Ketzcarova. - 5 200 тир. 4 аудиокасети с инв. номера 1578, 1579, 1580, 1581.
650 4 _aАнглийски език - учебни помагала
_9243996
653 _aанглийски език
653 _aучебни помагала
700 1 _aSingleton, Ken
_eсъавт.
_924533
700 1 _aRangelova, Krasimira
_eпрев. от англ.
_9243995
852 _aЦб ІІ 8216
856 4 _qpdf
_u
856 4 _qpdf
_u
942 _cKNG
_n0
_02
_s1
944 _aCR
_c15.01.2003
_k30529
_lДиана Гривева
944 _aED
_c11.01.2011
999 _d1298